[Event "Millennium II Open"]
[Site "Virginia Beach USA"]
[Date "2001.03.04"]
[Round "4"]
[White "Shibut,M"]
[Black "Rohde,M"]
[Result "1-0"]
[WhiteElo "2277"]
[BlackElo "2526"]

1.e4 c5 2.Nf3 e6 3.d3 Nc6 4.g3 d5 5.Nbd2 Bd6 6.Bg2 Nf6 7.O-O O-O 8.Re1 Bc7
9.c3 b5 10.exd5 exd5 11.Nb3 Bd6 12.a4 bxa4 13.Rxa4 Rb8 14.c4 d4 15.Ng5 Bg4
16.f3 Bd7 17.Ra3 Qb6 18.Nd2 Rbe8 19.Nge4 Nxe4 20.Nxe4 Bc7 21.f4 Nb4 22.Rf1 f5
23.Ng5 h6 24.Nf3 Bc6 25.Rf2 Qb7 26.Bd2 a5 27.Bh3 Re6 28.Ne5 Bxe5 29.fxe5 Rxe5
30.Bf4 Re6 31.Rxa5 Rfe8 32.Rf1 Qb6 33.Ra3 Re2 34.Bd2 Qb7 35.Re1 Rxe1+ 36.Bxe1 Bf3
37.Qc1 Nc2 38.Qxc2 Rxe1+ 39.Bf1 Be2 40.Qxe2 Rxe2 41.Bxe2 Qxb2 42.Ra8+ Kh7
43.Bf1 Qd2 44.Rc8 Qe3+ 45.Kg2 Qe5 46.Rf8 g6 47.Rf7+ Kg8 48.Rd7 h5 49.Rd5 Qe7
50.h4 Kg7 51.Kh2 Kh6 52.Kg2 f4 53.Rg5 fxg3 54.Kxg3 Qe3+ 55.Kg2 Qf4 56.Rxc5 Qg4+
57.Kf2 Qxh4+ 58.Ke2 Qg3 59.Rc8 h4 60.c5  1-0

[Event "III Millennium"]
[Site "Virginia Beach USA"]
[Date "2002.03.02"]
[Round "3"]
[White "Novikov,I"]
[Black "Rohde,M"]
[Result "1/2-1/2"]
[WhiteElo "2583"]
[BlackElo "2516"]

1.d4 Nf6 2.c4 e6 3.Nf3 Bb4+ 4.Bd2 c5 5.Bxb4 cxb4 6.g3 O-O 7.Bg2 d6 8.O-O Re8
9.a3 bxa3 10.b4 Nc6 11.b5 Na5 12.Nbd2 a6 13.bxa6 b6 14.Qb1  1/2-1/2

[Event "30th World Open"]
[Site "Philadelphia USA"]
[Date "2002.07.05"]
[Round "7"]
[White "Ritvin,S"]
[Black "Rohde,M"]
[Result "1/2-1/2"]
[WhiteElo "2279"]
[BlackElo "2506"]

1.Nf3 d6 2.d4 Bg4 3.g3 Bxf3 4.exf3 e6 5.Bg2 Ne7 6.O-O g6 7.Re1 Bg7 8.d5 exd5
9.Qxd5 Nc6 10.c3 O-O 11.Qb3 Na5 12.Qa4 c6 13.Bg5 Re8 14.Bxe7 Rxe7 15.Rxe7 Qxe7
16.Na3 Qd8 17.b4 Nc4 18.Nxc4 b5 19.Qb3 bxc4 20.Qxc4 d5 21.Qc5 Qb6 22.Rc1 Qxc5
23.bxc5 Bf8 24.f4 Rc8 25.c4 d4 26.Be4 Bxc5 27.Kg2 Bb4 28.Rb1 c5 29.a3 Bxa3
30.Ra1 Bb4 31.Rxa7 Rd8 32.Ra8 Rxa8 33.Bxa8 d3 34.Kf3 Kf8 35.Bd5 Ke7 36.Ke3 d2
37.Ke2 f6 38.Kd1 Bc3 39.Ke2 Kd6 40.Kd1 h6 41.Ke2 Ba5 42.Bf7 g5 43.fxg5 fxg5
44.f4 gxf4 45.gxf4 Ke7 46.Bd5 Kf6 47.Be4 Bc7  1/2-1/2

[Event "34th NCC"]
[Site "Philadelphia USA"]
[Date "2003.11.29"]
[Round "3"]
[White "Rohde,M"]
[Black "Karklins,A"]
[Result "1-0"]
[WhiteElo "2506"]
[BlackElo "2283"]

1.Nf3 Nf6 2.c4 d6 3.d4 Nbd7 4.Nc3 e5 5.e4 Be7 6.Be2 O-O 7.O-O c6 8.Re1 a5
9.Qc2 Qc7 10.Be3 Re8 11.Rad1 Bf8 12.h3 exd4 13.Bxd4 Ne5 14.Nd2 Nfd7 15.f4 Ng6
16.Rf1 b6 17.a3 Bb7 18.Bg4 Rad8 19.Rf2 Ba8 20.Nf1 Qb7 21.Ng3 c5 22.Be3 Nf6
23.Nd5 Nxg4 24.hxg4 b5 25.cxb5 Qd7 26.Qe2 Bxd5 27.Rxd5 Be7 28.Nf5 Bf8 29.Bxc5 Qc7
30.Bd4 Qc1+ 31.Rf1 Qc7 32.Qd3 a4 33.Bc3 Rb8 34.Qd4 f6 35.g3 Ne7 36.Nxe7+ Qxe7
37.Re1 Qd7 38.Qc4 Kh8 39.f5 Qf7 40.Kg2 Qa7 41.Qd4 Qa8 42.g5 Be7 43.Rh1 Bd8
44.Rh4 Qb7 45.Qd1 Kg8 46.Qh5 Kf8 47.Qxh7 Qf7 48.g6 Qg8 49.Bb4 Bc7 50.Rxd6  1-0

[Event "34th NCC"]
[Site "Philadelphia USA"]
[Date "2003.11.29"]
[Round "4"]
[White "Ibragimov,I"]
[Black "Rohde,M"]
[Result "1-0"]
[WhiteElo "2567"]
[BlackElo "2506"]

1.d4 Nf6 2.c4 e6 3.Nf3 Bb4+ 4.Nbd2 d5 5.a3 Be7 6.Qc2 Nbd7 7.e3 O-O 8.b4 a5
9.cxd5 exd5 10.b5 Bd6 11.a4 Qe7 12.Bd3 Re8 13.O-O Nf8 14.Qb3 Bg4 15.Ba3 Ne4
16.Bxd6 Qxd6 17.Bxe4 dxe4 18.Ng5 Be6 19.Qc2 f5 20.Rac1 h6 21.Nxe6 Nxe6 22.Nc4 Qd5
23.Ne5 Re7 24.Qc4 Rd8 25.f3 Qxc4 26.Rxc4 Ng5 27.h4 Ne6 28.fxe4 fxe4 29.Rf5 Kh7
30.h5 Ng5 31.Ng6 Rf7 32.Rxf7 Nxf7 33.Rxc7 Nd6 34.Kf2 Rb8 35.b6 Rd8 36.g4 Rb8
37.Kg3 Nc8 38.Nf8+ Kg8 39.Nd7 Ra8 40.Rxb7 Kf7 41.Rc7  1-0

[Event "111th NY Masters"]
[Site "New York USA"]
[Date "2004.07.27"]
[Round "2"]
[White "Zaremba,An"]
[Black "Rohde,M"]
[Result "0-1"]
[WhiteElo "2318"]
[BlackElo "2508"]

1.d4 Nf6 2.Nf3 e6 3.c4 Bb4+ 4.Bd2 c5 5.Bxb4 cxb4 6.Nbd2 O-O 7.e3 d6 8.Bd3 Re8
9.O-O e5 10.Qc2 Bg4 11.Bf5 Bxf3 12.Nxf3 g6 13.dxe5 dxe5 14.Be4 Qc7 15.Rac1 Nbd7
16.b3 Nc5 17.Bd5 e4 18.Ng5 Re7 19.Rfd1 Qe5 20.h4 h6 21.Nh3 Nd3 22.Rxd3 exd3
23.Qxd3 Kg7 24.Rd1 Rd8 25.Qd4 Qxd4 26.Rxd4 a5 27.Nf4 b6 28.g3 Rd6 29.e4 Nd7
30.Nd3 Nc5 31.e5 Rd8 32.Nxc5 bxc5 33.Re4 Ra7 34.Kg2 a4 35.Re3 axb3 36.axb3 Ra2
37.Rf3 Rd7 38.Re3 Rb2 39.g4 Re7 40.g5 hxg5 41.hxg5 Rc2 42.Kf3 Rc3 43.Ke4 Rxe3+
44.fxe3 Ra7 45.Bc6 Ra3 46.Ba4 Kf8 47.Kd3 Ke7 48.Kc2 Ke6 49.Be8 Ra7  0-1

[Event "111th NY Masters"]
[Site "New York USA"]
[Date "2004.07.27"]
[Round "3"]
[White "Rohde,M"]
[Black "Vovsha,E"]
[Result "1-0"]
[WhiteElo "2508"]
[BlackElo "2436"]

1.Nf3 d6 2.d4 Bg4 3.c4 Bxf3 4.exf3 Nd7 5.f4 g6 6.Nc3 Ngf6 7.Bd3 Bg7 8.Be3 c6
9.f5 d5 10.Qb3 Qb6 11.c5 Qc7 12.h3 b6 13.cxb6 axb6 14.Rc1 Qb7 15.O-O O-O
16.Rfe1 e6 17.fxe6 fxe6 18.Ne2 Rae8 19.Qc2 c5 20.Bb5 cxd4 21.Nxd4 e5 22.Qc6 Qxc6
23.Nxc6 Kh8 24.Bg5 Ra8 25.a3 Ne4 26.Be7 Rf7 27.f3 Nec5 28.Bh4 e4 29.fxe4 dxe4
30.Rcd1 Bxb2 31.Nd8 Rg7 32.a4 g5 33.Bxg5 Rxg5 34.Nf7+ Kg7 35.Nxg5 Nf6 36.Bc6 Ra7
37.Rb1 Bd4+ 38.Kh1 h6 39.Nxe4 Nfxe4 40.Bxe4 Nxa4 41.Bf3 Nc3 42.Rb4 Rd7 43.Bg4 Rd6
44.Re7+ Kf6 45.Rd7 Rxd7 46.Bxd7 Bc5 47.Rc4 Ne2 48.g4 Ke5 49.Kg2 Kd5 50.Rc2 Nd4
51.Rd2 Ke4 52.h4 b5 53.g5 hxg5 54.hxg5 b4 55.g6 Bf8 56.Rb2 b3 57.Ba4 Ke5
58.Bxb3 Ba3 59.g7  1-0

[Event "111th NY Masters"]
[Site "New York USA"]
[Date "2004.07.27"]
[Round "4"]
[White "Miton,K"]
[Black "Rohde,M"]
[Result "1-0"]
[WhiteElo "2597"]
[BlackElo "2508"]

1.d4 Nf6 2.c4 e6 3.Nf3 Bb4+ 4.Nbd2 d5 5.Qa4+ Nc6 6.a3 Bxd2+ 7.Bxd2 Ne4 8.Qc2 Nxd2
9.Qxd2 b6 10.Qc2 dxc4 11.Qxc4 Bb7 12.e3 O-O 13.Be2 Qd6 14.Qc3 Ne7 15.O-O Nd5
16.Qc2 Rfc8 17.Ng5 Nf6 18.b4 a5 19.b5 c5 20.bxc6 Bxc6 21.Qb2 b5 22.Nf3 Ng4
23.Rfc1 Rab8 24.h3 Nf6 25.Ne5 b4 26.axb4 Rxb4 27.Qc2 Rb6 28.Nc4 Be4 29.Qd2 Rxc4
30.Bxc4 g6  1-0

[Event "National Chess Congress"]
[Site "Philadelphia USA"]
[Date "2005.11.27"]
[Round "5"]
[White "Formanek,E"]
[Black "Rohde,M"]
[Result "1/2-1/2"]
[WhiteElo "2284"]
[BlackElo "2512"]

1.d4 Nf6 2.c4 e6 3.Nf3 Bb4+ 4.Bd2 c5 5.Bxb4 cxb4 6.e3 O-O 7.Nbd2 d6 8.Be2 a5
9.a3 Na6 10.O-O Re8 11.axb4 Nxb4 12.Nb1 b6 13.Nc3 Bb7 14.Qd2 e5 15.dxe5 dxe5
16.Qxd8 Raxd8 17.Rfd1 Bxf3 18.gxf3 Kf8 19.c5 Rxd1+ 20.Nxd1 bxc5 21.Rxa5 Rc8
22.Nc3 Nbd5 23.Na4 Nd7 24.b4 Nxb4 25.Ra7 Ke8 26.Bb5 Nc6 27.Rxd7 Kxd7 28.Nb6+ Kc7
29.Nxc8 Na5 30.Ne7 c4 31.Ba4 g6 32.Nd5+ Kd6 33.Nf6 Kc5 34.Nxh7 Kb4 35.Bd1 Kc3
36.Nf6 Kb2 37.Ne4 c3 38.Nc5 Kb1 39.Nd3 Nc6 40.Ne1 Kc1 41.Ba4 Nb4 42.Be8 Kd2
43.Kf1 c2 44.Nxc2 Nxc2 45.Bxf7 g5 46.Bg6 Na3 47.Kg2 Nc4 48.Kg3 Ke2 49.Be4 Nd2
50.Kg4 Kxf2 51.Kxg5 Kxe3 52.h4  1/2-1/2

[Event "34th World Open"]
[Site "Philadelphia USA"]
[Date "2006.06.29"]
[Round "2"]
[White "Rohde,M"]
[Black "Rouleau,J"]
[Result "0-1"]
[WhiteElo "2478"]
[BlackElo "2273"]

1.e4 e6 2.d4 d5 3.Nd2 c5 4.Ngf3 cxd4 5.Nxd4 Nc6 6.Nxc6 bxc6 7.Bd3 Bd6 8.Qe2 Qc7
9.Nf3 Ne7 10.e5 Bc5 11.O-O Bb6 12.a4 Bd7 13.b4 a5 14.bxa5 Rxa5 15.Bd2 Ra7
16.Rfb1 c5 17.Bb5 Nc6 18.Ng5 Nd4 19.Bxd7+ Qxd7 20.Qh5 Bc7 21.Nxh7 Kd8 22.Qg5+ Kc8
23.Qxg7 Qd8 24.Ng5 f6 25.Qxf6 Qxf6 26.exf6 Bxh2+ 27.Kf1 Bf4 28.g3 Bxd2 29.f4 Bc3
30.Ra3 Bb4 31.Rxb4 cxb4 32.Rd3 Nf5 33.g4 Nh6 34.Rh3 Kd7 35.Nf3 Ke8 36.Nd4 Rah7
37.g5 Nf5 38.Rxh7 Rxh7 39.Nxe6 Rh1+ 40.Kg2 Re1 41.Nc7+ Kf7 42.Nxd5 Re2+ 43.Kf1 Re4
44.a5 Ne3+  0-1